000 00581nam a2200241Ia 4500
003 OSt
005 20220918192714.0
006 a|||||r|||| 00| 0
007 ta
008 220917b |||||||| |||| 00| 0 eng d
024 _a69,719
037 _cTextual
040 _aARTS
_cARTS
_beng
041 _2eng
_aeng
082 _aQz7, K7
100 _aDye J W
_979845
245 0 _aReligious of the world
260 _c1967
650 _aRELIGION
700 _a Forthman W H
_979846
942 _hQz7, K7
_cTEXL
_2CC
999 _c195850
_d195850